000
00285nam a2200133 4500
999
_c
9442
_d
9442
003
OSt
005
20210622120633.0
008
210622b ||||| |||| 00| 0 eng d
020
_a
9788190852838
082
_a
720
_b
JAI
245
_a
Learning Architecture
260
_b
AADI
942
_2
ddc